Cuestiones penales a debate (Registro nro. 171596)

Detalles MARC
000 -LEADER
fixed length control field 02564nam a22002777a 4500
007 - PHYSICAL DESCRIPTION FIXED FIELD--GENERAL INFORMATION
fixed length control field cr|||| |||
008 - FIXED-LENGTH DATA ELEMENTS--GENERAL INFORMATION
fixed length control field 220517s2021 es |||||s|||| 00||0 spa d
020 ## - INTERNATIONAL STANDARD BOOK NUMBER
International Standard Book Number 978-84-124193-5-1
035 ## -
-- 35654
040 ## - CATALOGING SOURCE
Original cataloging agency vLex
090 ## -
-- 13360
-- 13360
100 1# - MAIN ENTRY--PERSONAL NAME
Personal name Abadías Selma, Alfredo
245 10 - TITLE STATEMENT
Title Cuestiones penales a debate
Medium [Recurso electrónico] /
Statement of responsibility, etc Alfredo Abadías Selma, Pere Simón Castellano
256 ## -
-- Servicio en línea
260 ## - PUBLICATION, DISTRIBUTION, ETC. (IMPRINT)
Place of publication, distribution, etc Barcelona:
Name of publisher, distributor, etc J.M. Bosch Editor,
Date of publication, distribution, etc 2021
300 ## - PHYSICAL DESCRIPTION
Extent 1 recurso electrónico
500 ## - GENERAL NOTE
General note La obra que el lector tiene entre manos es fruto de las discusiones y debates entre autores de la Academia y contrastados expertos, compartiendo los resultados de los encuentros entre estos en selectos foros y congresos. El trabajo se divide en dos partes claramente diferenciadas. La primera, de carácter más bien doctrinal, interpreta la regulación de la responsabilidad penal de las personas jurídicas, no centradas en la valoración de las reformas de 2010 y 2015. La segunda, en cambio, es descriptiva y crítica de algunas reformas de la parte especial, con un contenido heterogéneo. El reto de afrontar las reformas penales pendientes es mayúsculo si tenemos en cuenta ciertos ítems: un legislador acientífico, una creciente confusión de poderes (ejecutivo usurpando tareas del legislativo), el empobrecimiento del debate público, la lucha por la credibilidad y el relato en las redes sociales y el empleo de las leyes y sus exposiciones de motivos, ahora preámbulos, como arma arrojadiza contra el enemigo político. Sin embargo, por muchos que sean los impedimentos, las modificaciones no pueden esperar puesto que son muchos los ámbitos que requieren reformas incluso a vueltas sólo por lo que se refiere a la calidad de la técnica legislativa. En este escenario, lo mejor es afrontar los desafíos desde el conocimiento, y esta es precisamente la principal contribución a la que aspira con la mayor humildad posible el presente trabajo.
506 1# - RESTRICTIONS ON ACCESS NOTE
Terms governing access Disponible solo en los productos indicados
Authorized users vLex Global
-- vLex Global (Academic Edition, excluding Law Schools)
-- vLex Global (U.S. Academic Edition, Law Schools)
-- vLex Global (U.S. Academic Edition, excluding Law Schools)
-- vLex Global (Academic Edition, Law Schools)
650 04 - SUBJECT ADDED ENTRY--TOPICAL TERM
Topical term or geographic name as entry element Derecho Penal
Geographic subdivision España
650 04 - SUBJECT ADDED ENTRY--TOPICAL TERM
Topical term or geographic name as entry element Procedimiento Penal
Geographic subdivision España
700 1# - ADDED ENTRY--PERSONAL NAME
Personal name Castellano, Pere Simón
740 0# -
-- vLex Libros (Servicio en línea)
856 40 - LOCALIZACIÓN Y ACCESO ELECTRÓNICO
Identificador Uniforme del Recurso (URI/URL) https://app.vlex.com/#/sources/35654
942 ## -
-- RAA
999 ## -
-- 171596
-- 171596

No hay ítems disponibles.


CONTACTO


NOSOTROS


SITIOS DE INTERES

coordinacion.biblioteca.biblioteca@unienlinea.mx Misión, Visión y Objetivos Bases de datos
Directorio Bibliotecas Digitales y Repositorios
Normatividad Revistas y artículos
Convenios interbibliotecarios
Boletines



Hecho en México. Universidad Insurgentes (UIN). Todos los derechos reservados 2024. Esta página y sus contenidos pueden ser reproducidos con fines no lucrativos, siempre y cuando no se mutile, se cite la fuente completa y su dirección electrónicas. De otra forma requiere permiso previo por escrito de la institución




2024 Copyright Universidad Insurgentes | www.bibliouin.com.mx